000 00791cam a2200241 a 4500
999 _c2813
_d2813
001 7308
003 BD-DhUAP
005 20210130155441.0
008 200227s1995 bg abf b f000 0 eng
020 _a0500280894
040 _aBD-DhUAP
_cBD-DhUAP
_dBD-DhUAP
_bEng
082 0 0 _a720.922 MOR
_223
100 _aMorgan, Conway Lloyd.
245 _aJean Nouvel the elements of architecture /
_cConway Lloyd Morgan.
260 _aNew York :
_bThames & Hudson,
_cc2002.
300 _a239 pages :
_billustrations ;
_c21 cm.
504 _aIncludes bibliographical references and index.
600 _aNouvel, Jean, -- 1945
650 _aCriticism and interpretation
650 _aArchitecture, Modern -- 20th century.
942 _2ddc
_cBK